000 00326nam a2200157Ia 4500
100 _aSchildt/Herbert
650 _aC#
942 _cBK
366 _f25
245 _aComplete Reference C# 3.0
260 _bTata McGraw Hil
_c2009
082 _a5.133
_bSCH
300 _a886
546 _aENGLISH
_cproduction
999 _c34525
_d34525